| 000 | 00665nmc a2200241 a 4500 | ||
|---|---|---|---|
| 003 | AR-BaBNM | ||
| 005 | 20251128211550.0 | ||
| 008 | 304120s1998 ||||||||||||||000 | spa|| | ||
| 020 | _a950-9012-66-1 | ||
| 040 | _cAR-BaBNM | ||
| 100 | 1 | _aDrimer, Alicia K. de | |
| 245 | 1 | 0 |
_aLos amigos del Hada Melina _bpiezas cortas de teatro para niños _n4 |
| 260 |
_aBuenos Aires _bIntercoop Editora _c1998 |
||
| 300 |
_a44 p. _bil. |
||
| 490 | 0 | _aSerie divulgación | |
| 505 | 0 | _tEl jaguar y el teruteru | |
| 505 | 0 | _tLa perdiz y el colibrí | |
| 650 | 4 | _aTEATRO INFANTIL | |
| 650 | 4 | _aLIBROS PARA NINOS | |
| 655 | _aLITERATURA | ||
| 942 | _cBK | ||
| 998 | _cEugenia | ||
| 999 |
_c20213 _d20213 |
||